00820nam a22002537a 4500003000900000005001700009007000300026008003500029020001500064040003000079082002400109100003200133110000600165245009900171264003600270300004700306336002700353337003500380338003000415500002200445650003200467650003000499700003700529DO-SdBPM20250910091057.0ta171116b1986 mx |||| 00| 0 spa d a9684510985 aDO-SdBPMbspacBPMSUerda 4a150bM847b 19862221 aMorgan, Clifford T.eautor  4 10aBreve introducción a la psicología /cClifford T. Morgan ; traducción Agustín Bácena aMéxico :bMcGraw-Hill,c1986. a475 páginas :bilustraciones ;c20 cm. atextobtxt2rdacontent asin mediación bn2rdamedia  avolumen bnc2rdacarrier  aIncluye índices 7aPsicologíaxEnseñanza  7aPruebas psicológicas. 1 aBárcena, Agustín4traductor